|
|
|
|
| LEADER |
00988nam a2200325 4500 |
| 001 |
DLU090070055 |
| 005 |
##20090525 |
| 040 |
# |
# |
|a DLU
|b eng
|
| 041 |
# |
# |
|a eng
|
| 044 |
# |
# |
|a UK
|
| 245 |
# |
# |
|a Effect of cooking wheat and maize on the performance of newly weaned pigs 2. Level of dairy products and sequence of feeding /
|c P. G. Lawlor, P. B. Lynch, P. J. Caffrey, J. V. O'Doherty.
|
| 653 |
# |
# |
|a Cereals
|
| 653 |
# |
# |
|a Flaking
|
| 653 |
# |
# |
|a Milk productions
|
| 653 |
# |
# |
|a Pigs
|
| 653 |
# |
# |
|a Steaming
|
| 700 |
# |
# |
|a Caffrey, P. J.
|
| 700 |
# |
# |
|a Lawlor, P. G.
|
| 700 |
# |
# |
|a Lynch, P. B.
|
| 700 |
# |
# |
|a O'Doherty, J. V.
|
| 773 |
# |
# |
|t Animal Science
|g Vol. 76, no. 2 (April 2003), p. 263-271
|
| 920 |
# |
# |
|a Phòng Tạp chí -- Trung tâm Thông tin - Thư viện Trường Đại học Đà Lạt
|
| 994 |
# |
# |
|a DLU
|
| 900 |
# |
# |
|a True
|
| 911 |
# |
# |
|a Trương Bảo Trâm Anh
|
| 925 |
# |
# |
|a G
|
| 926 |
# |
# |
|a A
|
| 927 |
# |
# |
|a BB
|
| 980 |
# |
# |
|a Thư viện Trường Đại học Đà Lạt
|